5 Letter Countries - Statistics

General Stats
  • This quiz has been taken 37 times
  • The average score is 20 of 24
Answer Stats
Answer % Correct
Italy
97%
Japan
97%
Niger
97%
Tonga
97%
Haiti
91%
Spain
91%
Chile
88%
Ghana
88%
Libya
88%
Samoa
88%
Yemen
88%
China
85%
Gabon
85%
Nauru
85%
Palau
85%
Egypt
82%
Kenya
82%
India
79%
Benin
76%
Malta
76%
Nepal
76%
Sudan
76%
Syria
73%
Qatar
70%
No matching quizzes found
Score Distribution
Percent of People with Each Score
Percentile by Number Answered
Your Score History
You have not taken this quiz